El agujero de las cosas perdidas (Registro nro. 8427)

Detalles MARC
000 -LIDER
fixed length control field 00562nam a22002057a 4500
003 - IDENTIFICACDOR DE NÚMERO DE CONTROL
control field DO-SdBNP
005 - DATE AND TIME OF LATEST TRANSACTION
control field 20180220134351.0
008 - ELEMENTOS DE LONGITUD FIJA
fixed length control field 151022b 1993 spa||||| |||| 00| 0 spa d
020 ## - ISBN
International Standard Book Number 8434834022
040 ## - FUENTE DE CATALOGACIÓN
Agencia que crea de manera original el registro BPMSU
Idioma de catalogación spa
Agencia que realiza la transcripción BPMSU
100 ## - ASIENTO PRINCIPAL -- NOMBRE PERSONAL
Nombre personal Armegué i Herrero, Joan
245 ## - MENCIÓN DE TITULO
Título El agujero de las cosas perdidas
260 ## - PUBLICACIÓN, DISTRIBUCIÓN, ETC. (PIE DE IMPRENTA)
Lugar de publicación, distribución, etc Madrid :
Nombre del editor, distribuidor, etc. SM
300 ## - DESCRIPCIÓN FÍSICA
Extensión 106 p. :
Dimensiones 20 cm
Medida de la unidad il
490 ## - MENCIÓN DE SERIES
Mención de serie El barco de vapor ; no. de serie 69
585 ## - NOTA DE PREMIOS
Nota de premios Premio El vaixell de vapor
942 ## - ADDED ENTRY ELEMENTS (KOHA)
Source of classification or shelving scheme Dewey Decimal Classification
Koha item type Libros
945 ## - INFORMACIÓN DE PROCESAMIENTO LOCAL
Información de procesamiento local Inventariado, 2018 / BT
956 ## - LOCAL ELECTRONIC LOCATION AND ACCESS (OCLC)
Método de acceso daysi garcia
Existencias
Withdrawn status Lost status Source of classification or shelving scheme Damaged status Not for loan Collection code Home library Current library Date acquired Source of acquisition Total Checkouts Barcode Date last seen Price effective from Koha item type
    Dewey Decimal Classification     Colección Infantil General Biblioteca Pública Metropolitana Salomé Ureña Biblioteca Pública Metropolitana Salomé Ureña 02/20/2018 Agencia de Cooperación Internacional del Japón   BPMSU18020204 02/20/2018 02/20/2018 Libros